000 00184nam a22000977a 4500
041 _aeng
080 _a80
100 _aSzewczuk, W.
245 _aPsychologia rozumienia.
999 _c280904
_d280904
942 _cBK